Violin concerto in D major Op.61 Violinkonzert in D-Dur op.61 = Concerto pour violon en re majeur op.61

Αποθηκεύτηκε σε:
Λεπτομέρειες βιβλιογραφικής εγγραφής
Κύριος συγγραφέας: Beethoven, Ludwig van, 1770-1827
Συλλογικό Έργο: New Philharmonia Orchestra, City of Birmingham Symphony Orchestra
Άλλοι συγγραφείς: Horenstein, Jascha (Διευθυντής ορχήστρας), Gruenberg, Erich (Ερμηνευτής), Weller, Walter, 1939-2015 (Διευθυντής ορχήστρας)
Μορφή: CD Ηχητικό
Γλώσσα:Italian
Δημοσίευση: Colchester, Essex, England : Chandos Records LTD, p1980, c1991
Σειρά:Collect series
Θέματα:
Ετικέτες: Προσθήκη ετικέτας
Δεν υπάρχουν, Καταχωρήστε ετικέτα πρώτοι!

MARC

LEADER 00000cjm a2200000 i 4500
001 1/73732
007 sd fs gn m ed
008 050318s1980 au ita d
028 0 1 |a CHAN6521 
035 |l 10077174 
040 |a GR-MY-UA  |b gre  |e aacr 
041 0 |a ita 
082 0 |a 787.2  |2 (21η εκδ.) 
100 1 |a Beethoven, Ludwig van,   |d 1770-1827. 
245 1 0 |a Violin concerto in D major Op.61  |h [ηχογράφηση] =  |b Violinkonzert in D-Dur op.61 = Concerto pour violon en re majeur op.61 /  |c Beethoven ; [conductor] Jascha Horenstein ; New Philharmonia Orchestra ; [conductor] Walter Weller ; City of Birmingham Symphony Orchestra 
246 2 1 |a Violinkonzert in D-Dur op.61 
246 2 1 |a Concerto pour violon en re majeur op.61 
260 |a Colchester, Essex, England :   |b Chandos Records LTD,   |c p1980, c1991 
300 |a 1 δίσκος CD (58 λ.);  |c 4 3/4 ίν. 
490 1 |a Collect series 
505 0 |a Allegro ma non troppo - Larghetto - Rondo - Prometheus Overture Op.43 - Coriolan Overture Op.62 
511 |a Erich Gruenberg, violin ; New Philharmonia Orchestra ; Jascha Horenstein ; City of Birmingham Symphony Orchestra ; Walter Weller 
650 0 0 |a Violin music. 
650 0 0 |a Violin with orchestra. 
700 1 |a Horenstein, Jascha.  |4 cnd 
700 1 |a Gruenberg, Erich.  |4 prf 
700 1 |4 cnd  |a Weller, Walter,   |d 1939-2015. 
710 2 |a New Philharmonia Orchestra. 
710 2 |a City of Birmingham Symphony Orchestra. 
830 0 |a Collect series 
852 |a INST  |b RHODES  |c AV  |e 20050318  |h 787.2 BEE  |p 005400013107  |q 005400013107  |t CD  |y 23 
901 |a BIBL4-2005-1 
909 |a Ρ  |b 078342 
922 |a 4ΕΛΗ  |b 199502  |c ΒΙΒΛΙΟΘΗΚΗ 
970 |a ΣΜΠΙΛΗ  |b ΕΛΕΝΗ  |z 2005/03/18